Exportní příležitosti: Čína
Stručná ekonomická charakteristika Číny. Charakteristika čínskeho trhu. Obchodná výmena Česko - Čína. Zmeny po prijatí Číny do WTO /2001/. Vládne priority. Ochladzovanie ekonomiky a nevyhnutnosť pribrzdenia doterajšieho rastu. Obmedzenie výdaja dlhopisov a zníženie výdajov na investície. Najväčší ob...
Salvato in:
| Autore principale: | |
|---|---|
| Natura: | Capitolo di libro |
| Lingua: | ceco |
| Soggetti: | |
| Tags: |
Nessun Tag, puoi essere il primo ad aggiungerne!!
|
MARC
| LEADER | 00000naa$a2200000$$$4500 | ||
|---|---|---|---|
| 001 | 0021396 | ||
| 005 | 20230908091049.1 | ||
| 041 | 0 | |a cze | |
| 044 | |a CZ | ||
| 245 | 1 | 0 | |a Exportní příležitosti: Čína |c Lubor Stehlík |
| 520 | |a Stručná ekonomická charakteristika Číny. Charakteristika čínskeho trhu. Obchodná výmena Česko - Čína. Zmeny po prijatí Číny do WTO /2001/. Vládne priority. Ochladzovanie ekonomiky a nevyhnutnosť pribrzdenia doterajšieho rastu. Obmedzenie výdaja dlhopisov a zníženie výdajov na investície. Najväčší obchodní partneri Číny. Perspektívne odvetvia. Perspektívne komodity z hľadiska vývozu do Číny. Záujem českých exportérov o Čínu neodpovedá možnostiam, ktoré sa tu ponúkajú. | ||
| 610 | 2 | 0 | |a obchod zahraničný |
| 610 | 2 | 0 | |a styk zahraničnoobchodný |
| 610 | 2 | 0 | |a Čína |
| 610 | 2 | 0 | |a Česko |
| 610 | 2 | 0 | |a trh zahraničný |
| 610 | 2 | 0 | |a informácie obchodno-ekonomické |
| 610 | 2 | 0 | |a vývoz |
| 610 | 2 | 0 | |a vzťahy hospodárske vonkajšie |
| 100 | 1 | |a Stehlík, Lubor | |